Traducción al castellano de los Usages y demás derechos de Cataluña que no están derogados o no son notoriamente inútiles, con indicación del contenido de estos y de las disposiciones por las que han venido a serlo, ilustrada con notas sacadas de los más clásicos autores del principado / (Record no. 153034)

MARC details
000 -LEADER
campo de control de longitud fija 01229nam a2200229 i 4500
001 - NÚMERO DE CONTROL
campo de control 153034
003 - IDENTIFICADOR DE NÚMERO DE CONTROL
campo de control ES-MaACL
005 - FECHA Y HORA DE LA ÚLTIMA TRANSACCIÓN
campo de control 20250928113612.0
008 - DATOS DE LONGITUD FIJA--INFORMACIÓN GENERAL
campo de control de longitud fija 990929m18621867sp |||| | spa d
040 ## - FUENTE DE CATALOGACIÓN
Centro catalogador/agencia de origen CCPB | B
Lengua de catalogación spa
Centro/agencia transcriptor CCPB | B
245 00 - MENCIÓN DEL TÍTULO
Título Traducción al castellano de los Usages y demás derechos de Cataluña que no están derogados o no son notoriamente inútiles, con indicación del contenido de estos y de las disposiciones por las que han venido a serlo, ilustrada con notas sacadas de los más clásicos autores del principado /
Mención de responsabilidad, etc. Pedro Nolasco Vives y Cebriá.
250 ## - MENCION DE EDICION
Mención de edición 2ª ed. corr. y aum.
260 ## - PUBLICACIÓN, DISTRIBUCIÓN, ETC.
Lugar de publicación, distribución, etc. Madrid :
Nombre del editor, distribuidor, etc. Librería de Emilio Font ;
Lugar de publicación, distribución, etc. Barcelona :
Nombre del editor, distribuidor, etc. Libreria del Plus Ultra,
Fecha de publicación, distribución, etc. 1862-1867 (
Lugar de fabricación/manufactura Barcelona :
Fabricante Imp. de Luis Tasso)
300 ## - DESCRIPCIÓN FÍSICA
Extensión 5 t. en 2 v. ;
Dimensiones 22 cm.
596 ## - NOTA AL PIE DE IMPRENTA
NOTA AL PIE DE IMPRENTA Tº I. (1864) -- Tº II. (1862) --Tº. III. (1862) -- Tº IV (1863) -- Tº V: Indice general (1867)
597 ## - NOTA DE DESCRIPCIÓN FÍSICA
NOTA DE DESCRIPCIÓN FÍSICA Tº. I.(324 p.) -- Tº II. (306 p.) -- Tº III. (351 p.) -- Tº IV (312 p.) -- Tº V (200 p.)
650 #4 - PUNTO DE ACCESO ADICIONAL DE MATERIA--TÉRMINO DE MATERIA
Término de materia o nombre geográfico como elemento de entrada Derecho-
Subdivisión geográfica Cataluña-
Subdivisión de forma Fuentes.
9 (RLIN) 163483
700 1# - ENTRADA AGREGADA--NOMBRE PERSONAL
Nombre de persona Vives y Cebriá, Pedro Nolasco,
Fechas asociadas al nombre 1794-1874
9 (RLIN) 133805
852 ## - LOCALIZACIÓN
Ubicación ES-MaACL
Número de control de estantería C-620-21
Holdings
Estatus retirado Estado de pérdida Estado de daño No para préstamo Colección Biblioteca de origen Biblioteca actual Ubicación en estantería Fecha de adquisición Total de préstamos Signatura topográfica completa Código de barras Visto por última vez Precio de reemplazo Tipo de ítem Koha
        Libros del s. XIX Biblioteca del Ateneo de Madrid Biblioteca del Ateneo de Madrid Sala Palomar 17/01/2008   C-620-21 1159875 23/02/2023 23/02/2023 Libro impreso antiguo